The Darkness: Albums by Cover - Statistics

General Stats
  • This quiz has been taken 8 times
  • The average score is 7 of 8
Answer Stats
Picture Hint Answer % Correct
2012 Hot Cakes
100%
2005 One Way Ticket to Hell... and Back
100%
2003 Permission to Land
100%
2021 Motorheart
86%
2025 Dreams on Toast
71%
2019 Easter Is Cancelled
71%
2015 Last of Our Kind
71%
2017 Pinewood Smile
71%
No matching quizzes found
Score Distribution
Percent of People with Each Score
Percentile by Number Answered
Your Score History
You have not taken this quiz